Ideals of the body : architecture, urbanism, and hygiene in postrevolutionary Paris /

Bibliographic Details
Main Author: Park, Sun Young (Author)
Format: Book
Language:English
Published: Pittsburgh : University of Pittsburgh Press, [2018]
Series:Culture, politics, and the built environment.
Subjects:

MARC

Tag First Indicator Second Indicator Subfields
LEADER 00000cam a2200000Ii 4500
001 in00003999521
005 20181023092908.0
008 171222t20182018pauaf b 001 0 eng d
020 |a 9780822945284 
020 |a 0822945282 
035 |a (OCoLC)on1016046825 
040 |a YDX  |e rda  |c YDX  |d BDX  |d PIT  |d UtOrBLW 
043 |a e-fr--- 
049 |a TXAM 
050 4 |a NA2543.S6  |b P37 2018 
100 1 |a Park, Sun Young,  |e author.  |0 http://id.loc.gov/authorities/names/no2012071784 
245 1 0 |a Ideals of the body : architecture, urbanism, and hygiene in postrevolutionary Paris /  |c Sun-Young Park. 
264 1 |a Pittsburgh :  |b University of Pittsburgh Press,  |c [2018] 
264 4 |c ©2018 
300 |a xi, 372 pages, 12 unnumbered pages of color plates :  |b illustrations, maps ;  |c 26 cm. 
336 |a text  |b txt  |2 rdacontent 
337 |a unmediated  |b n  |2 rdamedia 
338 |a volume  |b nc  |2 rdacarrier 
490 1 |a Culture, politics, and the built environment 
500 |a Based on the author's thesis (doctoral - Harvard University, 2014) issued under title: The body and the building : architecture, urbanism, and hygiene in early nineteenth-century Paris. 
504 |a Includes bibliographical references and index. 
650 0 |a Architecture and society  |z France  |z Paris  |y 19th century. 
650 0 |a Public spaces  |z France  |z Paris  |x History  |y 19th century. 
650 0 |a Hygiene  |z France  |z Paris  |x History  |y 19th century. 
830 0 |a Culture, politics, and the built environment.  |0 http://id.loc.gov/authorities/names/no2010063672 
945 |b 623880 
947 |a A14850499162 
948 |a cataloged  |b h  |c 2018/7/10  |d c  |e dmitchel  |f 9:30:20 am 
994 |a 92  |b TXA 
999 f f |s cb2c611a-7742-302b-8a66-01db38873e05  |i 312b8727-52c6-3083-94f4-63349b873b54  |t 0 
952 f f |p normal  |a Texas A&M University  |b College Station  |c Sterling C. Evans Library  |d Evans: Library Stacks  |t 0  |e NA2543.S6 P37 2018  |h Library of Congress classification  |i unmediated -- volume  |m A14850499162 
998 f f |a NA2543.S6 P37 2018  |t 0  |l Evans: Library Stacks